000 00520nam a2200193Ia 4500
008 191130s1996##################000#0#eng##
020 _a9780714834641
022 _a96207903
040 _aACL
_cACL
082 _a745.67094 BOO
245 _aBooks of hours
260 _aLondon
_bPhaidon
_c1996
300 _a1 v. (unpaged) : col. ill. ; 12 cm
650 _aBooks of hours
650 _aIllumination of books and manuscripts
990 _a03a89fa8ac10000c3736a7ea41274731
991 _a389816
999 _c118557
_d118557